LEADER 01097nam a2200241 i 4500 001 000000208986 003 CaOOAMICUS 005 20111201000000.0 008 111201s1905 it u000 u ita u 013 $a187775 040 $aSeMil$bita 100 1 $aCarlyle, Thomas,$d<1795-1881>.$0(OLS)http://semarc/name/89682 245 10$aPassato e presente /$cTommaso Carlyle ; Con prefazione del Prof. Luigi Einaudi. 260 $aTorino [etc.] :$bFratelli Bocca,$c1905. 300 $aXIX, 455 p. ;$c21 cm. 490 0 $aPiccola biblioteca di scienze moderne ;$v96 650 4$aInghilterra - Politica - Storia.$0(OLS)http://semarc/subject/39255 700 1 $aEinaudi, Luigi,$c.$0(OLS)http://semarc/name/18235 830 0$aPiccola biblioteca di scienze moderne ;$v96.$0(OLS)http://semarc/title/9145 850 $aSeMil 852 $aSeMil$W1$xVenegono$y1$m3T II 164$j159440$B159440$CSeMilBibl$Z2$F170502 $81 996 $6245$aPassato e presente$9(OLS)http://semarc/title/13194 996 $6260$aTorino [etc.] :$bFratelli Bocca$9(OLS)http://semarc/publisher/36485 LEADER 01800nam a2200277 i 4500 001 000000027881 003 CaOOAMICUS 005 20230516144958.0 008 180830s1719 it u000 u ita u 040 $aSeMil$bita 100 1 $aHenno, Franciscus.$0(OLS)http://semarc/name/12693 245 10$aR.P.F. Francisci Henno ... Theologia dogmatica, moralis et scholastica in duos tomos divisa. Opus principiis thomisticis, & scotisticis, quantùm licuit, accommodatum, complectensque casus omnes obvios ex firmis scripturae, conciliorum, canonum, & .. 260 $aVenetiis :$bApud Antonium Bortoli,$c1719. 300 $a2 v. ;$cfol. 500 $aTesto su due colonne 500 $aFregio xilogr. sui front. 500 $aIniz., fregi xilogr. 500 $aCors. ; rom. 650 4$aTeologia - Testi - Sec. 17.$0(OLS)http://semarc/subject/2241 650 4$aTeologia dogmatica - Opere anteriori al 1900.$0(OLS)http://semarc/subject/320 700 1 $aBortoli, Antonio,$c.$0(OLS)http://semarc/name/4614 774 0 $aHenno, Franciscus$tTomus primus complectens tractatus de Deo trino, & uno, de vitiis, & virtutibus de actibus humanis, & in decalogi praecepta.$g1$w()48632 774 0 $aHenno, Franciscus$tTomus secundus complectens Tractatus de restitutione, jure & justitia, ac statu religioso, verbi divini incarnatione, nec non de sacramentis in genere & specie.$g2$w()217866 996 $6245$aR.P.F. Francisci Henno ... Theologia dogmatica, moralis et scholastica in duos tomos divisa. Opus principiis thomisticis, & scotisticis, quantùm licuit, accommodatum, complectensque casus omnes obvios ex firmis scripturae, conciliorum, canonum, & ..$9(OLS)http://semarc/title/37787 996 $6260$aVenetiis :$bApud Antonium Bortoli$9(OLS)http://semarc/publisher/34960